000 00488nam a2200181Ia 4500
005 20260429112121.0
008 260429s9999||||xx |||||||||||||| ||und||
020 _a9789363636026
041 _aEnglish
082 _a616.01
_bKHU
100 _aKhushwaha Anil Kumar
245 0 _aTextbook of microbiology /
_cKhushwaha Anil Kumar
250 _a1st ed.
260 _aNew Delhi :
_bMedTech Science Press,
_c2026.
300 _axiii, 360 p.; pbk
650 _aMicrobiology
942 _cTB
999 _c52434
_d52434